000
00223nam a22001097a 4500
082
_a
823
_b
823
100
_a
BAX/L
245
_a
LITTLE RED CAR
260
_a
LONDON
_b
LADYBIRD
650
_a
ENGLISH SHORT STORY
_z
UK
942
_c
BK
999
_c
4400
_d
4400